000 00264nam a2200109Ia 4500
008 190902s9999||||xx |||||||||||||| ||und||
100 _aShaikh Saadi Shirazi
245 0 _aHikayat-i-Saadi
260 _aLahore
_bAlasar Publications
_c2000
300 _a288
942 _cBK
999 _c2923
_d2923